Распоряжение ГКО СССР № 7354 с о дополнительном отпуске Наркомату внутренних дел автобензина в Симферополе в течение января 1945...

RUSMARC
00005794cbm0a2200349#x 450
0019f91c46b-d87e-4c8d-8f25-a8842a7a7363
00520260415121122.0
100##$a20260415j19440119k###0rusy50 ca
1010#$arus
102##$aRU
105##$ay###z########
1220#$ad19450119##
2001#$aРаспоряжение ГКО СССР № 7354 с о дополнительном отпуске Наркомату внутренних дел автобензина в Симферополе в течение января 1945 г. за счет резерва Оперативного бюро ГКО
$j19 января 1945 г.
251##$cДокумент
300##$aРассылочный и подлинный экземпляры
461#0$12001
$aФ. 644
$1251
$cФонд
$1852
$j644
462#0$12001
$aОп. 1
$1251
$cОпись
$1852
$j1
60101$2nlr_sh
$3RU\NLR\AUTH\6601614128
$aСССР
$bГосударственный Комитет Обороны
$xИстория
$z1941 - 1945
$jДокументы и материалы
605##$2prlib_sh
$3LIBNET\UAF\0000088514
$aВторая мировая война в архивных документах (Комплекс оцифрованных архивных документов, кино- и фотоматериалов)
$lколлекция
605##$2acquisition_Prlib
$3DITM\AF\0000002775
$aВласть
$lколлекция
6061#$2nlr_sh
$3RU\NLR\AUTH\661520861
$aВеликая Отечественная война
$z1941 - 1945
$zТретий период
$z1944 - 1945
$jДокументы и материалы
6061#$2nlr_sh
$3RU\NLR\AUTH\661323374
$aПромышленность
$xИстория
$yСССР
$z1941 - 1945
$jДокументы и материалы
6061#$2nlr_sh1
$3RU\NLR\AUTH\666991
$aАвтомобильный транспорт
$xБензиновое хозяйство
$xОрганизация
$jДокументы и материалы
607##$2nlr_sh
$3RU\NLR\AUTH\661289555
$aСимферополь, город (Крым)
$xИстория
$jДокументы и материалы
686##$a63.3(2)622,13ю1
$vLBC/M
$2rubbk
686##$a65.03(2)622ю1
$vLBC/M
$2rubbk
686##$a65.373.31ю1
$vLBC/M
$2rubbk
801#0$aRU
$bПБ им. Б.Н. Ельцина
$c20260415
801#1$aRU
$bПБ им. Б.Н. Ельцина
$c20260415
$2rusmarc
801#2$aRU
$bПБ им. Б.Н. Ельцина
$c20260415
$2rusmarc
850##$aРоссийский государственный архив социально-политической истории
852##$aРГАСПИ
$jД. 357. Л. 3-3об.; Оп. 2. Д. 439. Л. 21-21об.
035##$aLIBNET\0001542955
937##$d199844960
$hФедеральное архивное агентство
8564#$uhttp://readingroom.main.prlib.ru/item.aspx?id_node=n199844960&mode=full
Формат отображения